[Event "BL2 Sued 1011 (Women)"]
[Site "Germany"]
[Date "2010.11.07"]
[Round "2.2"]
[White "Mueller, Elke"]
[Black "Birkholz, Olga"]
[Result "0-1"]
[WhiteElo "1988"]
[BlackElo "2114"]
[PlyCount "60"]
[EventDate "2010.11.06"]
[EventType "team-tourn"]
[EventRounds "7"]
[EventCountry "GER"]
[SourceTitle "EXT 2012"]
[Source "ChessBase"]
[SourceDate "2011.11.24"]
[SourceVersion "1"]
[SourceVersionDate "2011.11.24"]
[SourceQuality "1"]
[WhiteTeam "Differten (W)"]
[BlackTeam "Augsburg (W)"]
[WhiteTeamCountry "GER"]
[BlackTeamCountry "GER"]

1. e4 c5 2. d4 e6 3. Nf3 b6 4. d5 Qc7 5. Nc3 a6 6. e5 exd5 7. Nxd5 Qc6 8. c4 Ne7 9. Ng5 h6 10. Ne4 Nf5 11. Bd3 d6 12. f4 Ra7 13. Qh5 Nd4 14. 0-0 Be6 15. Re1 dxe5 16. Nef6+ gxf6 17. Nxf6+ Kd8 18. f5 Bxf5 19. Bxf5 Qxf6 20. Bh3 Nbc6 21. Qg4 Rc7 22. Rf1 Qg6 23. Qd1 Rg8 24. Be3 Bd6 25. Bf2 f5 26. Bh4+ Kc8 27. Qa4 Kb7 28. Rad1 Qh5 29. g3 Qxh4 30. Bg2 Qe7 0-1

[Event "GER-chT Federal Cup (Women)"]
[Site "Braunfels"]
[Date "2010.06.03"]
[Round "1"]
[White "Zschischang, Marine"]
[Black "Mueller, Elke"]
[Result "1-0"]
[WhiteElo "2089"]
[BlackElo "1992"]
[PlyCount "107"]
[EventDate "2010.06.03"]
[EventType "team-swiss"]
[EventRounds "5"]
[EventCountry "GER"]
[SourceTitle "CBM 136 Extra"]
[Source "ChessBase"]
[SourceDate "2010.07.02"]
[SourceVersion "2"]
[SourceVersionDate "2010.07.15"]
[SourceQuality "1"]

1. c4 c5 2. Nc3 Nc6 3. e4 g6 4. g3 Bg7 5. Bg2 d6 6. h3 Bd7 7. Nge2 Qc8 8. f4 Nf6 9. g4 a6 10. a4 Nb4 11. d3 Bc6 12. 0-0 0-0 13. Ng3 Nd7 14. h4 e6 15. g5 f5 16. gxf6 Rxf6 17. Bh3 Qd8 18. Kh2 Qe7 19. f5 exf5 20. Bg5 h6 21. Bxf6 Bxf6 22. h5 Be5 23. hxg6 Qh4 24. Rf3 Nf6 25. Kg2 Bxg3 26. Rxg3 fxe4 27. dxe4 Nxe4 28. Nxe4 Bxe4+ 29. Kh2 Qf4 30. Qf1 Rf8 31. Qxf4 Rxf4 32. g7 Rf2+ 33. Kg1 Rf6 34. Re1 Rg6 35. Rxg6 Bxg6 36. Re7 Bf7 37. Be6 Bxe6 38. Rxe6 d5 39. cxd5 Nxd5 40. Rxh6 Kxg7 41. Rd6 Nb4 42. Rb6 Kf7 43. Kf2 Ke7 44. Ke2 Kd7 45. Rxb7+ Kc6 46. Rh7 Kd5 47. b3 Kd4 48. Kd2 Kd5 49. Rh6 Kd4 50. Rd6+ Ke5 51. Rd8 Nc6 52. Ra8 a5 53. Kc3 Kd5 54. Ra6 1-0

[Event "BL2 Sued 0910 (Women)"]
[Site "Germany"]
[Date "2009.11.08"]
[Round "2.3"]
[White "Horvath, Maria"]
[Black "Mueller, Elke"]
[Result "1-0"]
[WhiteElo "2001"]
[BlackElo "1992"]
[PlyCount "85"]
[EventDate "2009.11.07"]
[EventType "team-tourn"]
[EventRounds "7"]
[EventCountry "GER"]
[SourceTitle "CBM 133 Extra"]
[Source "ChessBase"]
[SourceDate "2010.01.05"]
[SourceVersion "1"]
[SourceVersionDate "2010.01.05"]
[SourceQuality "1"]
[WhiteTeam "Augsburg (W)"]
[BlackTeam "Differten (W)"]
[WhiteTeamCountry "GER"]
[BlackTeamCountry "GER"]

1. d4 d5 2. c4 dxc4 3. Nf3 Nf6 4. e3 Be6 5. Nc3 c6 6. a4 Nd5 7. a5 Nxc3 8. bxc3 Bd5 9. Ne5 Nd7 10. Nxc4 g6 11. f3 Bg7 12. e4 Be6 13. Ne3 Qc7 14. Be2 0-0 15. 0-0 f5 16. exf5 Bxf5 17. Nxf5 Rxf5 18. Bc4+ Kh8 19. Be6 Rh5 20. h3 Nf6 21. a6 b6 22. Bd2 Qd6 23. Qb3 Rb5 24. Qa2 Rd8 25. Bc4 Rh5 26. f4 Ne4 27. Be1 Ra5 28. Qb2 Rxa1 29. Qxa1 c5 30. Qb1 Bxd4+ 31. cxd4 Qxd4+ 32. Kh2 Qxc4 33. Bh4 Nf6 34. Qe1 Qf7 35. f5 Rd4 36. fxg6 hxg6 37. Bg3 Re4 38. Qxe4 Kh7 39. Qh4+ Kg8 40. Be5 Qe6 41. Bxf6 exf6 42. Rxf6 Qe5+ 43. Qf4 1-0

[Event "Saarland-ch MB"]
[Site "Schiffweiler"]
[Date "2009.04.08"]
[Round "6"]
[White "Mueller, Elke"]
[Black "Aubertin, Tim"]
[Result "1/2-1/2"]
[WhiteElo "2012"]
[BlackElo "2003"]
[PlyCount "117"]
[EventDate "2009.04.03"]
[EventType "swiss"]
[EventRounds "9"]
[EventCountry "GER"]
[SourceTitle "EXT 2012"]
[Source "ChessBase"]
[SourceDate "2011.11.24"]
[SourceVersion "1"]
[SourceVersionDate "2011.11.24"]
[SourceQuality "1"]

1. e4 e5 2. Nf3 d6 3. d4 exd4 4. Nxd4 Nf6 5. f3 Be7 6. c4 0-0 7. Nc3 a6 8. Bd3 Nbd7 9. Nf5 Ne5 10. Nxe7+ Qxe7 11. Be2 Nfd7 12. 0-0 f5 13. f4 Nc6 14. Qd5+ Kh8 15. exf5 Nb6 16. Qd1 Bxf5 17. Nd5 Nxd5 18. cxd5 Nd4 19. Bg4 Rae8 20. Bh5 Ne2+ 21. Kh1 g6 22. Bf3 Nxc1 23. Rxc1 Rf7 24. Qd4+ Kg8 25. Qb4 b6 26. Qa4 Qe3 27. h3 Rfe7 28. Rc3 Qd2 29. Rxc7 Re1 30. Kh2 h5 31. Rxe1 Rxe1 32. Qxa6 Qxf4+ 33. g3 Qd2+ 34. Bg2 Re8 35. Qa4 Rf8 36. Qf4 Qxf4 37. gxf4 Bd3 38. Rc6 b5 39. Rxd6 Rxf4 40. Kg1 Ra4 41. Rf6 Kg7 42. Rf3 Bf5 43. Rb3 Bd7 44. a3 Kf6 45. Bf1 Ra5 46. Rb4 Ke5 47. Bg2 g5 48. Re4+ Kd6 49. Re2 Ra4 50. Rf2 g4 51. hxg4 hxg4 52. Rf6+ Ke5 53. Rb6 Rd4 54. Rb7 Kd6 55. b4 Rd3 56. Ra7 Rc3 57. Ra6+ Ke5 58. Ra7 Kd6 59. Ra6+ 1/2-1/2

[Event "Saarland-ch MB"]
[Site "Schiffweiler"]
[Date "2009.04.05"]
[Round "3"]
[White "Mueller, Elke"]
[Black "Gress, Alexander"]
[Result "0-1"]
[WhiteElo "2012"]
[BlackElo "2040"]
[PlyCount "68"]
[EventDate "2009.04.03"]
[EventType "swiss"]
[EventRounds "9"]
[EventCountry "GER"]
[SourceTitle "EXT 2012"]
[Source "ChessBase"]
[SourceDate "2011.11.24"]
[SourceVersion "1"]
[SourceVersionDate "2011.11.24"]
[SourceQuality "1"]

1. e4 c5 2. Nc3 Nc6 3. g3 d6 4. Bg2 g6 5. d3 Bg7 6. Nf3 e5 7. Nd5 Be6 8. c3 Nge7 9. Bg5 0-0 10. Nxe7+ Nxe7 11. 0-0 f6 12. Be3 Rc8 13. Nd2 d5 14. Nb3 d4 15. cxd4 cxd4 16. Bd2 Qb6 17. f4 Nc6 18. fxe5 fxe5 19. Rxf8+ Rxf8 20. Rc1 Qb5 21. Bf1 Nb4 22. a4 Rxf1+ 23. Qxf1 Qxd3 24. Bxb4 Qxb3 25. Qe1 Qf3 26. Rc2 Bh6 27. Bd2 d3 28. Bxh6 dxc2 29. Qf1 Qd1 30. Kf2 Qd4+ 31. Kf3 Bc4 32. Qe1 Qd3+ 33. Qe3 c1Q 34. Qxd3 Qh1+ 0-1

[Event "Saarland-ch MB"]
[Site "Schiffweiler"]
[Date "2009.04.03"]
[Round "1"]
[White "Mueller, Elke"]
[Black "Zumpf, Mathias"]
[Result "0-1"]
[WhiteElo "2012"]
[BlackElo "1892"]
[PlyCount "52"]
[EventDate "2009.04.03"]
[EventType "swiss"]
[EventRounds "9"]
[EventCountry "GER"]
[SourceTitle "EXT 2012"]
[Source "ChessBase"]
[SourceDate "2011.11.24"]
[SourceVersion "1"]
[SourceVersionDate "2011.11.24"]
[SourceQuality "1"]

1. e4 e5 2. Nf3 Nc6 3. Bc4 Nf6 4. d3 Bc5 5. Nc3 d6 6. h3 Be6 7. Bb3 Qd7 8. Na4 Bb4+ 9. Bd2 Bxd2+ 10. Qxd2 Nh5 11. Bxe6 fxe6 12. Qg5 Nf4 13. Nc3 0-0 14. 0-0-0 Qf7 15. Rhg1 Nd4 16. Rd2 Nxf3 17. gxf3 Nxh3 18. Qg2 Nxg1 19. Qxg1 Qxf3 20. Kb1 Rf6 21. Nb5 Rh6 22. Rd1 Rf8 23. Rf1 Rff6 24. Qg5 Rh1 25. Qc1 Rxf1 26. Qxf1 Rh6 0-1

[Event "GER-ch (Women)"]
[Site "Osterburg"]
[Date "2007.07.14"]
[Round "9"]
[White "Mueller, Elke"]
[Black "Franzenburg, Maria"]
[Result "1/2-1/2"]
[WhiteElo "2050"]
[BlackElo "1580"]
[PlyCount "123"]
[EventDate "2007.07.05"]
[EventType "swiss"]
[EventRounds "9"]
[EventCountry "GER"]
[SourceTitle "CBM 119 Extra"]
[Source "ChessBase"]
[SourceDate "2007.09.04"]
[SourceVersion "1"]
[SourceVersionDate "2007.09.04"]
[SourceQuality "1"]

1. e4 e6 2. d4 d5 3. exd5 exd5 4. Nf3 Nf6 5. c4 Be7 6. Nc3 0-0 7. Bd3 dxc4 8. Bxc4 Nbd7 9. 0-0 Nb6 10. Bb3 Nbd5 11. Ne5 Bf5 12. Qf3 Be6 13. Bg5 c6 14. h3 Nxc3 15. bxc3 Bd5 16. Bxd5 Nxd5 17. Bxe7 Nxe7 18. Rab1 Qd5 19. Rxb7 Qxf3 20. Nxf3 Nd5 21. c4 Nc3 22. a3 Ne2+ 23. Kh2 Rfd8 24. Rc7 Nxd4 25. Nxd4 Rxd4 26. Rxc6 a5 27. Re1 Rd2 28. Kg3 Rd3+ 29. Re3 Rxe3+ 30. fxe3 Kf8 31. Rc7 Ra6 32. Rc5 Ke7 33. Kf4 Rf6+ 34. Ke4 Ra6 35. Rc7+ Ke6 36. c5 h5 37. Kd4 g5 38. e4 Ra8 39. Rc6+ Kd7 40. Kd5 Ke7 41. Rc7+ Ke8 42. c6 Rd8+ 43. Ke5 Rd2 44. Rc8+ Ke7 45. Rc7+ Ke8 46. Ra7 Kd8 47. Ra8+ Kc7 48. Rxa5 Kxc6 49. Kf6 Rxg2 50. Rxg5 Ra2 51. Kxf7 h4 52. Rg4 Rxa3 53. Rxh4 Kd6 54. Rh5 Rf3+ 55. Kg6 Ke6 56. h4 Rf4 57. e5 Rg4+ 58. Kh7 Rf4 59. Kh8 Rg4 60. Rh7 Kxe5 61. h5 Kf6 62. Rh6+ 1/2-1/2

[Event "GER-ch (Women)"]
[Site "Osterburg"]
[Date "2007.07.13"]
[Round "8"]
[White "Von Herman, Brigitte"]
[Black "Mueller, Elke"]
[Result "1-0"]
[WhiteElo "2092"]
[BlackElo "2050"]
[PlyCount "81"]
[EventDate "2007.07.05"]
[EventType "swiss"]
[EventRounds "9"]
[EventCountry "GER"]
[SourceTitle "CBM 119 Extra"]
[Source "ChessBase"]
[SourceDate "2007.09.04"]
[SourceVersion "1"]
[SourceVersionDate "2007.09.04"]
[SourceQuality "1"]

1. e4 e6 2. d3 d5 3. Nd2 Nf6 4. Ngf3 dxe4 5. dxe4 Bc5 6. Bb5+ Bd7 7. Qe2 a6 8. Bd3 Nc6 9. c3 Ng4 10. 0-0 Nge5 11. Bc2 b5 12. Kh1 Qe7 13. Nxe5 Nxe5 14. f4 Ng6 15. Nf3 Bb6 16. Bd2 Bc6 17. Rae1 0-0-0 18. a4 Qc5 19. Bb3 Rhe8 20. axb5 Bxb5 21. c4 Bc6 22. Bc2 f5 23. b4 Qf8 24. b5 axb5 25. cxb5 Bb7 26. e5 Qc5 27. Bb3 Qa3 28. Rb1 Be4 29. Bb4 Qa8 30. Ra1 Qb7 31. Ng5 Bd5 32. Bxd5 Rxd5 33. Rf3 h6 34. Nh3 Rd4 35. Ba5 Red8 36. Bxb6 Qxb6 37. Rfa3 R8d5 38. Qh5 Qc5 39. Ng1 Nf8 40. Ra8+ Kb7 41. Qe8 1-0

[Event "GER-ch (Women)"]
[Site "Osterburg"]
[Date "2007.07.07"]
[Round "2"]
[White "Frey, Alisa"]
[Black "Mueller, Elke"]
[Result "0-1"]
[WhiteElo "1920"]
[BlackElo "2050"]
[PlyCount "54"]
[EventDate "2007.07.05"]
[EventType "swiss"]
[EventRounds "9"]
[EventCountry "GER"]
[SourceTitle "CBM 119 Extra"]
[Source "ChessBase"]
[SourceDate "2007.09.04"]
[SourceVersion "1"]
[SourceVersionDate "2007.09.04"]
[SourceQuality "1"]

1. e4 g6 2. d4 Bg7 3. Nc3 d6 4. Be3 Nf6 5. f3 c6 6. Qd2 Qa5 7. 0-0-0 Be6 8. Kb1 Na6 9. Nge2 Bc4 10. h4 h5 11. g3 b5 12. Nf4 Bxf1 13. Rhxf1 Nd7 14. Rh1 Nb6 15. b3 b4 16. Nce2 Nc7 17. Nd3 c5 18. dxc5 Bc3 19. Nxc3 bxc3 20. Qc1 Nb5 21. cxb6 Na3+ 22. Ka1 axb6 23. Rhe1 0-0 24. g4 Ra6 25. Nf4 Rfa8 26. Re2 Nc4 27. a4 Qxa4+ 0-1

[Event "Saarland-ch MA"]
[Site "Heusweiler"]
[Date "2007.04.07"]
[Round "9"]
[White "Dietzen, Corinna"]
[Black "Mueller, Elke"]
[Result "1-0"]
[WhiteElo "1980"]
[BlackElo "2037"]
[PlyCount "84"]
[EventDate "2007.03.30"]
[EventType "swiss"]
[EventRounds "9"]
[EventCountry "GER"]
[SourceTitle "EXT 2008"]
[Source "ChessBase"]
[SourceDate "2007.11.25"]
[SourceVersion "1"]
[SourceVersionDate "2007.11.25"]
[SourceQuality "1"]

1. c4 c5 2. g3 g6 3. Bg2 Bg7 4. Nc3 Nc6 5. Nf3 Nf6 6. 0-0 0-0 7. d4 d6 8. e3 Bd7 9. d5 Na5 10. Qd3 a6 11. e4 b5 12. Nd2 bxc4 13. Nxc4 Nxc4 14. Qxc4 Ng4 15. h3 Ne5 16. Qe2 c4 17. Qc2 Qc8 18. Kh2 Rb8 19. Rb1 Qc7 20. Rd1 Rfc8 21. Bf1 Nf3+ 22. Kg2 Nd4 23. Rxd4 Bxd4 24. Ne2 Bg7 25. Be3 Qb7 26. Nc3 Qb4 27. Bd2 Qb7 28. Nd1 f5 29. f3 fxe4 30. fxe4 Bb5 31. a4 c3 32. Nxc3 Bxf1+ 33. Kxf1 Qb4 34. Na2 Rxc2 35. Bxb4 Rf8+ 36. Ke1 Rff2 37. Bc3 Bxc3+ 38. Nxc3 Rh2 39. Kd1 Rcg2 40. Kc1 Rxg3 41. Nd1 Rgg2 42. Ra1 Rxh3 1-0

[Event "BL2 Gr01 0506 (Women)"]
[Site "Germany"]
[Date "2006.01.22"]
[Round "5.2"]
[White "Mueller, Elke"]
[Black "Schmid, Shahanah"]
[Result "1-0"]
[WhiteElo "1897"]
[BlackElo "1948"]
[PlyCount "111"]
[EventDate "2005.10.29"]
[EventType "team-tourn"]
[EventRounds "7"]
[EventCountry "GER"]
[SourceTitle "EXT 2007"]
[Source "ChessBase"]
[SourceDate "2006.11.23"]
[SourceVersion "1"]
[SourceVersionDate "2006.11.23"]
[SourceQuality "1"]
[WhiteTeam "Wadgassen/Differten (W)"]
[BlackTeam "Stuttgart Wolfbusch (W)"]
[WhiteTeamCountry "GER"]
[BlackTeamCountry "GER"]

1. e4 c5 2. Nf3 e6 3. d4 cxd4 4. Nxd4 Nf6 5. Bd3 d6 6. 0-0 a6 7. Nc3 Be7 8. Re1 0-0 9. Be3 Qc7 10. h3 b5 11. a3 Bb7 12. Qe2 Nc6 13. Rad1 Rfe8 14. f4 Nxd4 15. Bxd4 e5 16. Be3 exf4 17. Bxf4 Bf8 18. Qf3 Qc5+ 19. Kh2 Nd7 20. Rf1 Ne5 21. Qg3 b4 22. Be3 Qa5 23. axb4 Qxb4 24. Nd5 Bxd5 25. exd5 Nxd3 26. Rxd3 Qxb2 27. Bd4 Qxc2 28. Qf3 Re7 29. Rf2 Qc1 30. Be3 Qa1 31. Rd4 Qc3 32. Re4 Rae8 33. Qf4 Qf6 34. Qxf6 gxf6 35. Rg4+ Kh8 36. Bd4 Bg7 37. Bxf6 Bxf6 38. Rxf6 Rg8 39. Ra4 Ra7 40. Rxd6 Rf8 41. Raxa6 Rxa6 42. Rxa6 Rd8 43. Ra5 Kg7 44. Kg3 Kf6 45. Kf4 Rd6 46. g4 h6 47. Ke4 Rb6 48. Ra4 Rb1 49. Ra6+ Kg5 50. Ra3 f5+ 51. gxf5 Re1+ 52. Re3 Rf1 53. Rg3+ Kh4 54. Rf3 Re1+ 55. Kd4 h5 56. f6 1-0

[Event "Saarland-ch MV1"]
[Site "Saarlouis Steinrausch"]
[Date "2005.03.23"]
[Round "6"]
[White "Mueller, Elke"]
[Black "Ratayczak, Hauke"]
[Result "1-0"]
[WhiteElo "1881"]
[BlackElo "1843"]
[PlyCount "69"]
[EventDate "2005.03.18"]
[EventType "tourn"]
[EventRounds "9"]
[EventCountry "GER"]
[SourceTitle "EXT 2012"]
[Source "ChessBase"]
[SourceDate "2011.11.24"]
[SourceVersion "1"]
[SourceVersionDate "2011.11.24"]
[SourceQuality "1"]

1. b4 e5 2. Bb2 Bxb4 3. f4 d6 4. fxe5 dxe5 5. Bxe5 Nf6 6. c3 Bd6 7. Nf3 Nc6 8. Bxf6 Qxf6 9. e3 Bg4 10. Bb5 Bd7 11. 0-0 Qh6 12. Qa4 a6 13. Qe4+ Qe6 14. Qxe6+ fxe6 15. Be2 h6 16. d3 0-0-0 17. Nbd2 Ne7 18. e4 Rhf8 19. d4 Bf4 20. g3 Bxd2 21. Nxd2 c5 22. Nb3 cxd4 23. cxd4 Bc6 24. Rfc1 Kb8 25. Bc4 Bxe4 26. Nc5 Bd5 27. Rab1 Bxc4 28. Rxb7+ Ka8 29. Rxc4 Nf5 30. Rb6 Rxd4 31. Rxa6+ Kb8 32. Rc3 Rb4 33. Rca3 Kc8 34. Ra8+ Rb8 35. Rxb8+ 1-0